Magyar zenei projektek - Statistics

General Stats
  • This quiz has been taken 20 times
  • The average score is 30 of 100
Answer Stats
Picture Answer % Correct
Idegen
80%
memento
80%
Paradox
75%
CARPE DIEM
70%
DESHPERADO
70%
ÖSZTÖNLÉNY
70%
Fotofóbia
65%
ÖNREFLEXIÓ
65%
KINCUGI
60%
Neon
60%
Nitro
60%
PLAYBÁNIA
60%
Vagy Mindent Vagy Semmit
60%
Dior
55%
Élet Csin
55%
III. Krúbi
55%
Nehézlábérzés
55%
NINCS HOLNAP
55%
Odalent
55%
Szívtelen
55%
Szörnyeteg
55%
1125
50%
Rossz Ember
50%
A Tél Katonája
45%
Egyedül
45%
Europa
45%
0
40%
Megáll Az Idő
40%
Budagyöngye
35%
comic sins
35%
Ismersz
35%
LiFE & DANGER
35%
Osztálykép
35%
Pogány Induló
35%
RNB FITNESS
35%
A ló túloldalán
30%
Babaház
30%
BARBATULA BARBATULA
30%
Csabai Pókember
30%
KDT
30%
Mollywood
30%
PP2
30%
Topshit
30%
1919
25%
camouflage
25%
Ékszer
25%
Füzet
25%
IGAZIAKÉRT
25%
Orgonabokor
25%
POWER PUFF
25%
silbak
25%
SISTAHOOD
25%
tripq
25%
ULTRA
25%
úton
25%
Zajvihar
25%
Zárolás Feloldva
25%
BAKPAKK
20%
GG VS GRASA
20%
Kereszt
20%
Larissza Radio
20%
NATTY NATTY
20%
revolver gyuris sivatagi kalandjai
20%
SEX
20%
SISTEMATIK
20%
Sose Alszok
20%
Talpra cigányok
20%
TETŐTŐL TALPIG
20%
Vízszint
20%
A bús barista balladái
15%
ÁTLAG FELETT
15%
AZ ALBUM
15%
Holdvilág Club Hotel & Casino
15%
Kapu2fa7
15%
Long Live AKC
15%
Ma Este Trap
15%
Misi
15%
PRIORITÁS
15%
Redux
15%
skatulya I
15%
szellemország
15%
Torz
15%
EZER NAP
10%
Focus
10%
Lee Cooper
10%
rabiga
10%
Senki
10%
SZÍVTIPRÓ SZÁLLODA (1. RÉSZ)
10%
Zebra
10%
2024
5%
A kiválasztott
5%
a telihold fényében
5%
B4LiFE (prt. I.)
5%
LiFE (prt. II.)
5%
MÁMMA
5%
2310
0%
23' Cowboys
0%
Fenyegetés
0%
Fényképek
0%
SZÍVTIPRÓ SZÁLLODA (2. RÉSZ)
0%
No matching quizzes found
Score Distribution
Percent of People with Each Score
Percentile by Number Answered
Your Score History
You have not taken this quiz